000 00350nam a2200145Ia 4500
008 200103s9999||||xx |||||||||||||| ||und||
040 _aIMU-MPC
082 _aColumn-31
100 _aBurghardt, H. D.
245 0 _aMachine Tool Operation
250 _aPart - 1
260 _bMcGraw-Hill Book Company, Inc.
_c1944
300 _axiv, 420
942 _cBK
999 _c7561
_d7561